Verejná správa a spoločnosť

Bibliographic Details
Format: Journal
Language:Slovak
English
Czech
PhysicalDescription:zv. obr., tab. 21-25 cm
Online vydanie: Verejná správa a spoločnosť (Online) ISSN 2453-9236
Published: Košice Fakulta verejnej správy Univerzity Pavla Jozefa Šafárika 2000-2022
ISSN:1335-7182
Subjects:

MARC

LEADER 00000cas a2200000 a 4500
001 vtls008881424
003 SK-MaSNL
005 20260228162147.0
008 141119d20002022xo fr p 0 0 b0slo
022 |a 1335-7182 
035 |a (SVKBB03)vtls000068463 
040 |a SVKBB  |b slo  |c SVKBB  |d SAVUK  |d SNK  |e AACR2 
041 0 |a slo  |a eng  |a cze 
044 |a xo  |c SK 
072 7 |a 35  |x Verejná správa  |2 konspekt 
072 7 |a 352/354 Stupne miestnej, oblastnej a ústrednej správy  |2 konspekt 
072 7 |a 316.3  |x Globálne spoločnosti. Sociálna štruktúra. Sociálne skupiny  |2 konspekt 
080 |a 050  |2 2011 
080 |a 352/354  |2 2011 
080 |a 316.3  |2 2011 
080 |a 35  |2 2011 
080 |a 001(051)  |2 2011 
210 0 |a Verej. správa spol. 
222 0 |a Verejná správa a spoločnosť 
245 0 0 |a Verejná správa a spoločnosť 
246 1 1 |a Public administration and society  |f 2020- 
260 |a Košice  |b Fakulta verejnej správy Univerzity Pavla Jozefa Šafárika  |c 2000-2022 
300 |a zv.  |b obr., tab.  |c 21-25 cm 
310 |a 2x ročne 
362 0 |a Roč. 1, č. 1 (2000) - roč. 23, č. 2 (2022) 
500 |a Registračné č. MK SR: 2416/2000 ; EV 4754/13 
500 |a Redaktori sa menia 
504 |a Bibliogr. 
530 |a Online vydanie: Verejná správa a spoločnosť (Online) ISSN 2453-9236 
546 |a Text aj v angl., češ. 
650 0 7 |a verejná správa  |2 SNKPH  |9 1538 
650 0 7 |a spoločnosť  |2 SNKPH  |9 1013 
650 0 7 |a Public administration  |2 SNKPHeng  |9 266247 
650 0 7 |a Society  |2 SNKPHeng  |9 265080 
655 7 |a vedecké časopisy  |2 SNKPH  |9 70520 
655 7 |a Scientific journals  |2 SNKPHeng  |9 265227 
710 2 |a Univerzita Pavla Jozefa Šafárika v Košiciach.  |b Fakulta verejnej správy  |4 pbl  |9 124176 
852 |a Štátna vedecká knižnica v Banskej Bystrici 
856 4 1 |t www.vsas.fvs.upjs.sk 
910 |a savuk 
910 |a snk 
910 |a svkbb 
916 |a 2000-2001, 2009-2012, 2013-2016, 2017, 2018-2019 
999 |c 6985  |d 8915 
952 |0 0  |1 0  |4 0  |7 0  |8 0  |a SNK  |b SNK  |d 2021-07-01  |f 1  |i snk2021/7954  |l 0  |o snkČSC 3534/19/2018  |p 17A1434768  |r 2026-02-21 19:59:50  |t č. 1-2  |w 2026-02-21  |y PREZ 
952 |0 0  |1 0  |4 0  |7 0  |8 0  |a SNK  |b SNK  |d 2021-07-01  |f 1  |i snk2021/7955  |l 0  |o snkČSC 3534/20/2019  |p 17A1434767  |r 2026-02-21 19:59:50  |t č. 1-2  |w 2026-02-21  |y PREZ 
952 |0 0  |1 0  |4 0  |7 0  |8 0  |a SNK  |b SNK  |d 2021-07-01  |f 1  |i snk2021/7956  |l 0  |o snkČSC 3534/21/2020  |p 17A1434766  |r 2026-02-21 19:59:50  |t č. 1-2  |w 2026-02-21  |y PREZ 
952 |0 0  |1 0  |4 0  |7 0  |8 0  |a SNK  |b SNK  |d 2022-04-04  |i snk2022/5156  |l 0  |o snkČSC 3534/22/2021  |p 17A1462537  |r 2026-02-21 20:01:26  |t č. 1-2  |w 2026-02-21  |y PREZ 
952 |0 0  |1 0  |4 0  |7 0  |8 0  |a SNK  |b SNK  |d 2022-04-05  |i snk2022/5168  |l 0  |o snkČSC 3534/21/2020 D1  |p 17A1461869  |r 2026-02-21 20:01:44  |t č. 1-2  |w 2026-02-21  |y PREZ 
952 |0 0  |1 0  |4 0  |7 0  |8 0  |a SNK  |b SNK  |d 2014-02-03  |f 1  |i snk2014/3218  |l 0  |o snkČSC 3534/1/2000  |p 17A1087395  |r 2026-02-21 20:31:49  |t č. 1-2  |w 2026-02-21  |y PREZ 
952 |0 0  |1 0  |4 0  |7 0  |8 0  |a SNK  |b SNK  |d 2014-02-03  |i snk2014/3219  |l 0  |o snkČSC 3534/1/2000 D1  |p 17A1087396  |r 2026-02-21 20:31:49  |t č. 1-2  |w 2026-02-21  |y PREZ 
952 |0 0  |1 0  |4 0  |7 0  |8 0  |a SNK  |b SNK  |d 2014-02-03  |f 1  |i snk2014/3221  |l 0  |o snkČSC 3534/2/2001  |p 17A1087397  |r 2026-02-21 20:31:49  |t č. 1-2  |w 2026-02-21  |y PREZ 
952 |0 0  |1 0  |4 0  |7 0  |8 0  |a SNK  |b SNK  |d 2014-02-03  |i snk2014/3222  |l 0  |o snkČSC 3534/2/2001 D1  |p 17A1087398  |r 2026-02-21 20:31:49  |t č. 1-2  |w 2026-02-21  |y PREZ 
952 |0 0  |1 0  |4 0  |7 0  |8 0  |a SNK  |b SNK  |d 2014-02-03  |f 1  |i snk2014/3223  |l 0  |o snkČSC 3534/10/2009  |p 17A1087399  |r 2026-02-21 20:31:49  |t č. 1-2  |w 2026-02-21  |y PREZ 
952 |0 0  |1 0  |4 0  |7 0  |8 0  |a SNK  |b SNK  |d 2014-02-03  |i snk2014/3235  |l 0  |o snkČSC 3534/10/2009 D1  |p 17A1087400  |r 2026-02-21 20:31:49  |t č. 1-2  |w 2026-02-21  |y PREZ 
952 |0 0  |1 0  |4 0  |7 0  |8 0  |a SNK  |b SNK  |d 2014-02-03  |f 1  |i snk2014/3238  |l 0  |o snkČSC 3534/11/2010  |p 17A1087401  |r 2026-02-21 20:31:49  |t č. 1-2  |w 2026-02-21  |y PREZ 
952 |0 0  |1 0  |4 0  |7 0  |8 0  |a SNK  |b SNK  |d 2014-02-03  |i snk2014/3242  |l 0  |o snkČSC 3534/11/2010 D1  |p 17A1087402  |r 2026-02-21 20:31:49  |t č. 1-2  |w 2026-02-21  |y PREZ 
952 |0 0  |1 0  |4 0  |7 0  |8 0  |a SNK  |b SNK  |d 2014-02-03  |f 1  |i snk2014/3268  |l 0  |o snkČSC 3534/12/2011  |p 17A1087403  |r 2026-02-21 20:31:52  |t č. 1-2  |w 2026-02-21  |y PREZ 
952 |0 0  |1 0  |4 0  |7 0  |8 0  |a SNK  |b SNK  |d 2014-02-03  |i snk2014/3270  |l 0  |o snkČSC 3534/12/2011 D1  |p 17A1087404  |r 2026-02-21 20:31:52  |t č. 1-2  |w 2026-02-21  |y PREZ 
952 |0 0  |1 0  |4 0  |7 0  |8 0  |a SNK  |b SNK  |d 2014-02-03  |f 1  |i snk2014/3272  |l 0  |o snkČSC 3534/13/2012  |p 17A1087405  |r 2026-02-21 20:31:52  |t č. 1-2  |w 2026-02-21  |y PREZ 
952 |0 0  |1 0  |4 0  |7 0  |8 0  |a SNK  |b SNK  |d 2014-02-03  |i snk2014/3273  |l 0  |o snkČSC 3534/13/2012 D1  |p 17A1087406  |r 2026-02-21 20:31:52  |t č. 1-2  |w 2026-02-21  |y PREZ 
952 |0 0  |1 0  |4 0  |7 0  |8 0  |a SNK  |b SNK  |d 2018-04-17  |i snk2018/8643  |l 0  |o snkČSC 3534/16/2015 D1  |p 17A1325132  |r 2026-02-21 20:40:21  |t č. 1-2  |w 2026-02-21  |y PREZ 
952 |0 0  |1 0  |4 0  |7 0  |8 0  |a SNK  |b SNK  |d 2021-10-18  |i snk2021/15838  |l 0  |o snkČSC 3534/19/2018 D1  |p 17A1436045  |r 2026-02-21 21:39:46  |t č. 1-2  |w 2026-02-21  |y PREZ 
952 |0 0  |1 0  |4 0  |7 0  |8 0  |a SNK  |b SNK  |d 2021-10-18  |i snk2021/15839  |l 0  |o snkČSC 3534/20/2019 D1  |p 17A1436046  |r 2026-02-21 21:39:47  |t č. 1-2  |w 2026-02-21  |y PREZ 
952 |0 0  |1 0  |4 0  |7 0  |8 0  |a SNK  |b SNK  |d 2018-04-17  |f 1  |i snk2018/8638  |l 0  |o snkČSC 3534/14/2013  |p 17A1325137  |r 2026-02-21 21:56:53  |t č. 1-2  |w 2026-02-21  |y PREZ 
952 |0 0  |1 0  |4 0  |7 0  |8 0  |a SNK  |b SNK  |d 2018-04-17  |i snk2018/8639  |l 0  |o snkČSC 3534/14/2013 D1  |p 17A1325136  |r 2026-02-21 21:56:53  |t č. 1-2  |w 2026-02-21  |y PREZ 
952 |0 0  |1 0  |4 0  |7 0  |8 0  |a SNK  |b SNK  |d 2018-04-17  |f 1  |i snk2018/8640  |l 0  |o snkČSC 3534/15/2014  |p 17A1325135  |r 2026-02-21 21:56:53  |t č. 1-2  |w 2026-02-21  |y PREZ 
952 |0 0  |1 0  |4 0  |7 0  |8 0  |a SNK  |b SNK  |d 2018-04-17  |i snk2018/8641  |l 0  |o snkČSC 3534/15/2014 D1  |p 17A1325134  |r 2026-02-21 21:56:53  |t č. 1-2  |w 2026-02-21  |y PREZ 
952 |0 0  |1 0  |4 0  |7 0  |8 0  |a SNK  |b SNK  |d 2018-04-17  |f 1  |i snk2018/8642  |l 0  |o snkČSC 3534/16/2015  |p 17A1325133  |r 2026-02-21 21:56:53  |t č. 1-2  |w 2026-02-21  |y PREZ 
952 |0 0  |1 0  |4 0  |7 0  |8 0  |a SNK  |b SNK  |d 2018-04-17  |f 1  |i snk2018/8644  |l 0  |o snkČSC 3534/17/2016  |p 17A1325131  |r 2026-02-21 21:56:54  |t č. 1-2  |w 2026-02-21  |y PREZ 
952 |0 0  |1 0  |4 0  |7 0  |8 0  |a SNK  |b SNK  |d 2018-04-17  |i snk2018/8645  |l 0  |o snkČSC 3534/17/2016 D1  |p 17A1325130  |r 2026-02-21 21:56:54  |t č. 1-2  |w 2026-02-21  |y PREZ 
952 |0 0  |1 0  |4 0  |7 0  |8 0  |a SNK  |b SNK  |d 2018-07-26  |f 1  |i snk2018/15989  |l 0  |o snkČSC 3534/18/2017  |p 17A1327621  |r 2026-02-21 22:20:00  |t č. 1-2  |w 2026-02-21  |y PREZ 
952 |0 0  |1 0  |4 0  |7 0  |8 0  |a SNK  |b SNK  |d 2018-07-26  |i snk2018/15990  |l 0  |o snkČSC 3534/18/2017 D1  |p 17A1327622  |r 2026-02-21 22:20:00  |t č. 1-2  |w 2026-02-21  |y PREZ